| 000 | 00478cam a2200181ua 4500 | ||
|---|---|---|---|
| 001 | 4355 | ||
| 008 | 111224n ii |||gr||||Z||||||asm | ||
| 040 | _cMAIN | ||
| 082 | _a294.592 | ||
| 100 | 1 | _aSarma, Satyendranath, | |
| 245 | 1 | 1 |
_aSree sree sankaradeva madhavadevar bani _cby Satyendranath sarma |
| 250 | _a1st. | ||
| 260 |
_aGuwahati: _bBani Prakash,987. |
||
| 300 |
_a97p: _c23cm. |
||
| 653 | _aReligion | ||
| 653 | _aSree sree sankaradeva madhavadevar bani | ||
| 942 | _cBK | ||
| 999 |
_c4171 _d4171 |
||